Top 26 musique de Youtubeurs avec titre - Statistiques

Statistiques générales
  • Ce quiz a été pris 196 fois
  • Le résultat moyen est 19 sur 26
Statistiques - réponses
Youtubeur/groupe Titre % Correct
12 Norman ft Squeezie Assassin des templiers
100%
2 Squeezie Overwtach
99%
4 Squeezie Freestyle du dico
99%
9 Squeezie Trei Degete Time Time
99%
16 Squeezie ft Joyca Bye Bye
99%
22 Squeezie ft Seb & Maxenss Freestyle de potes
98%
19 Norman Luigi clash Mario
91%
10 Cyprien La cour des grands
88%
21 Cyprien ****** répond à Cortex
88%
5 Natoo Je ne sais pas danser
88%
20 Natoo La chanson des licornes
88%
8 Joyca ft Mastu Clash assassins
85%
3 Joyca Ramenez le grec à la maison
84%
26 Inoxtag Mili Mili
83%
25 Michou Fier
82%
1 Les Jones Burgers
78%
15 McFly & Carlito Il a mis son sexe
75%
6 Mcfly et Carlito La chanson de la joie
74%
11 Kezah ft Freddy Mirador
70%
7 Amixem La chanson des commentaires
59%
18 Palmashow Le rap des prénoms
31%
24 Palmashow Ça m'vénère
31%
23 Maxoulezozo / Maxence La chanson de la démonétisation
24%
14 Le Grand JD J'aime les licornes
21%
17 DiGiDiX Swagg Milionnaire
13%
13 Kemar Un morceau de salade
13%
Aucun quiz correspondant
Distribution des résultats
% des personnes avec chaque résultat
Percentile par nombre de réponses
Votre historique - résultats
Vous n’avez pas pris ce quiz